Normal view
MARC view
Entry Personal Name
001 - CONTROL NUMBER
- control field: 298
003 - CONTROL NUMBER IDENTIFIER
- control field: BD-RjUL
005 - DATE AND TIME OF LATEST TRANSACTION
- control field: 20211221113618.0
008 - FIXED-LENGTH DATA ELEMENTS
- fixed length control field: 211221|| aca||aabn | a|a d
040 ## - CATALOGING SOURCE
- Original cataloging agency: BD-RjUL
- Transcribing agency: BD-RjUL
100 ## - HEADING--PERSONAL NAME
- Personal name: পাটোয়ারী, মমতাজউদ্দীন
670 ## - SOURCE DATA FOUND
- Source citation: Work cat.: (BD-RjUL)79043: পাটোয়ারী, মমতাজউদ্দীন , ছয় দফা :, ২০২১